00648 2200229 4500001002100000005001500021020002200036035002400058040001200082082001400094084001800108090001800126100002400144245005900168260003800227300004500265500001100310650004900321990001600370990001600386990001600402YOGYA00000000010096520140823130353 a978-602-99292-7-0 0010-011400000000167 aYOPDYOG 2[22]a920 aCoE 920 Rid B aCoE 920 Rid B aRIDHO SAIFUL ASHADI aBambang D.H. mengubah Surabayac/ Ridho Saiful Ashadi. a[S.l.]bIndonesia Berdikaric2012 avii, 197 hlm.b: ilus.c; 26 cm (3 eks.) aIndeks aWalikota Surabaya (Bambang D.H. : 1999-2002) a1766/B.2014 a1767/B.2014 a1768/B.2014